Statistics for US Cities That Start With T

Click here to take the quiz!

General Stats

  • This quiz has been taken 45 times
  • The average score is 3 of 5

Answer Stats

Population City % Correct
377,165Tampa
89%
530,706Tucson
70%
403,090Tulsa
62%
278,508Toledo
57%
211,277Tacoma
51%

Score Distribution

Percentile by Number Answered

Percent of People with Each Score

Your Score History

You have not taken this quiz